| 000 -LEADER |
| fixed length control field |
00522nam a22001937a 4500 |
| 003 - CONTROL NUMBER IDENTIFIER |
| control field |
PK-NaQUE |
| 005 - DATE AND TIME OF LATEST TRANSACTION |
| control field |
20250729145837.0 |
| 008 - FIXED-LENGTH DATA ELEMENTS--GENERAL INFORMATION |
| fixed length control field |
250729b ||||| |||| 00| 0 eng d |
| 020 ## - INTERNATIONAL STANDARD BOOK NUMBER |
| International Standard Book Number |
007025351X (paperback) |
| 040 ## - CATALOGING SOURCE |
| Transcribing agency |
QUEST |
| 082 ## - DEWEY DECIMAL CLASSIFICATION NUMBER |
| Classification number |
620.112GUY |
| 100 ## - MAIN ENTRY--PERSONAL NAME |
| Personal name |
Guy, A. G. |
| 245 ## - TITLE STATEMENT |
| Title |
Essentials of Materials Science |
| 260 ## - PUBLICATION, DISTRIBUTION, ETC. (IMPRINT) |
| Place of publication, distribution, etc |
Tokyo |
| Name of publisher, distributor, etc |
McGrwa Hill |
| Date of publication, distribution, etc |
1976 |
| 300 ## - PHYSICAL DESCRIPTION |
| Extent |
vii,468 p. |
| 650 ## - SUBJECT ADDED ENTRY--TOPICAL TERM |
| Topical term or geographic name as entry element |
Material Science |
| 856 ## - ELECTRONIC LOCATION AND ACCESS |
| Uniform Resource Identifier |
http://10.10.170.122:8080/browse/book/27995 |
| Link text |
Download eBook |
| 942 ## - ADDED ENTRY ELEMENTS (KOHA) |
| Koha item type |
Books |
| Source of classification or shelving scheme |
|